แสดงรายละเอียดบรรณานุกรม
  กลับหน้าหลัก

Brief Record : Get Marc (ISO 2709) : E-mail record : QR code ปิดหน้าต่าง
E-books : เกี่ยวกับ Collections
LEADER 00000nam 2200000uu 4500
001    213309
003     ULIBM
008    020711s2564 th a 000 0 tha d
020    9786165780933
041    ^atha
060 04 WR152 ว346อ 2564
100    วลัยลักษณ์ ศิริศิลป์
245 10 เอสแอลอี รับมืออย่างไร/^cวลัยลักษณ์ ศิริศิลป์
246 30 ^aคู่มือสำหรับผู้ป่วยโรคเอสแอลอี เรียนรู้แนวทางการดูแลสุขภาพและรักษา
260    กรุงเทพฯ :^bสำนักพิมพ์ Feel good,^c2564
300    208 หน้า :^bภาพประกอบ ;^c21 ซม.
650 04 โรคแพ้ภูมิคุ้มกันตัวเอง
999    ^aใช้งานได้ทุกระบบ
รายการนี้ยังไม่มีแท็ก
คุณยังไม่ได้ล็อกอิน คุณสามารถมีกิจกรรมร่วมกับเว็บไซต์ได้ แต่ต้องล็อกอินก่อน ::
  ล็อกอิน
ลำดับที่ ประเภท เลขเรียก สถานที่ สถานะ
1. หนังสือทั่วไป
หนังสือทั่วไป
WR152 ว346อ 2564 ฉ.1 
  
การพยาบาลผู้ใหญ่ On Shelf
  ขอยืม
Note:จัดซื้อปีงบประมาณ 2566
2. หนังสือทั่วไป
หนังสือทั่วไป
WR152 ว346อ 2564 ฉ.2 
  
การพยาบาลผู้ใหญ่ On Shelf
  ขอยืม
Note:จัดซื้อปีงบฯ 2566
3. หนังสือทั่วไป
หนังสือทั่วไป
WR152 ว346อ 2564 ฉ.3 
  
การพยาบาลผู้ใหญ่ On Shelf
  ขอยืม
Note:จัดซื้อปีงบฯ 2566
4. หนังสือทั่วไป
หนังสือทั่วไป
WR152 ว346อ 2564 ฉ.4 
  
การพยาบาลผู้ใหญ่ On Shelf
  ขอยืม
Note:จัดซื้อปีงบฯ 2566
5. หนังสือทั่วไป
หนังสือทั่วไป
WR152 ว346อ 2564 ฉ.5 
  
การพยาบาลผู้ใหญ่ On Shelf
  ขอยืม
Note:จัดซื้อปีงบฯ 2566
   [แสดง 5/5 รายการ]

BibComment


ยังไม่เคยถูกคอมเมนท์

คอมเมนท์ทรัพยากรรายการนี้
  คอมเมนท์: เอสแอลอี รับมืออย..
Bib 213309

 
 
 

 Union Library Management : ULibM
Copyright 2026. All Rights Reserved.
скачать бесплатно без регистрации порно красивый секс HD Sex Hindi sex

xxx gou

xxxx

bfxxx

xxxwww

Секса Видео

xxxx

Секса Видео

detube

geilexxx

C99 Shell

worms shell

blod xxx video
Ebony Coed Rihanna Rimes Takes A Dick In Her Young Twat priyaa indian fuck anal and pusssy hardcore indian women xxx desi hardcore fucking part 1 bengalixxxcouple